| 000 | 00618cam a2200181 4500 | ||
|---|---|---|---|
| 001 | 5028 | ||
| 005 | 20181127174628.0 | ||
| 008 | 011105s2002 nyu b 000 0 eng | ||
| 010 | _a 2001056106 | ||
| 100 | 1 |
_aNan, Upasaka, Li Ping. _c _d |
|
| 245 | 1 | 0 |
_aA buddhist goal that can be achieved in one's present life / _b _cUpasaka Li Ping Nan and Translated by : Dr. C. Y. Koh. |
| 260 |
_aTaiwan : _bTaichung Buddhist Lotus Association, _cn.d. |
||
| 300 |
_a54 p. ; _c22 cm. |
||
| 500 | _aIn English & Chinese. | ||
| 650 | 0 |
_aBuddhism _xDoctrines. |
|
| 650 | 0 |
_aReligious life _xBuddhism. |
|
| 999 |
_c4199 _d4199 |
||